NLSUI OPAC header image

Antitrust law : An analysis of antitrust principles and their application Vol. I(B) (Record no. 32548)

MARC details
000 -LEADER
fixed length control field 00599nam a2200217Ia 4500
003 - CONTROL NUMBER IDENTIFIER
control field OSt
005 - DATE AND TIME OF LATEST TRANSACTION
control field 20210530223804.0
008 - FIXED-LENGTH DATA ELEMENTS--GENERAL INFORMATION
fixed length control field 160316s2006 xxu||||| |||| 00| 0 eng d
020 ## - INTERNATIONAL STANDARD BOOK NUMBER
International Standard Book Number 9780735560819
040 ## - CATALOGING SOURCE
Transcribing agency n
082 ## - DEWEY DECIMAL CLASSIFICATION NUMBER
Classification number 343.072100
Item number ARE-I(B)
100 ## - MAIN ENTRY--PERSONAL NAME
Personal name Areeda Philip E
245 ## - TITLE STATEMENT
Title Antitrust law : An analysis of antitrust principles and their application Vol. I(B)
250 ## - EDITION STATEMENT
Edition statement 3rd
260 ## - PUBLICATION, DISTRIBUTION, ETC.
Place of publication, distribution, etc. Boston
Name of publisher, distributor, etc. Aspen Law & Business
Date of publication, distribution, etc. 2006
300 ## - PHYSICAL DESCRIPTION
Extent 385p
Dimensions xxi
365 ## - TRADE PRICE
Price amount Rs. 1,98,199
650 ## - SUBJECT ADDED ENTRY--TOPICAL TERM
Topical term or geographic name entry element 1. Antitrust Law - U S A
700 ## - ADDED ENTRY--PERSONAL NAME
Personal name Hovenkamp Herbert
--
942 ## - ADDED ENTRY ELEMENTS (KOHA)
Source of classification or shelving scheme Dewey Decimal Classification
Koha item type BOOKs
Holdings
Withdrawn status Lost status Damaged status Not for loan Home library Current library Shelving location Date acquired Cost, normal purchase price Total Checkouts Full call number Barcode Date last seen Price effective from Koha item type Public note
      Not For Loan NLS NLS NAB Compactor 30/05/2017 198199.00   343.0721 ARE-I(B) 29454 30/05/2017 30/05/2017 BOOKs Price for the entire Set of Volumes